| 000 | 01320nam a2200253Ia 4500 | ||
|---|---|---|---|
| 999 |
_c54633 _d54633 |
||
| 001 | 21700 | ||
| 003 | GE_BSU | ||
| 005 | 20250729124752.0 | ||
| 008 | 181216s2017||||ge |||||||||||||| ||geo|| | ||
| 020 | _a9789941249082 | ||
| 040 | _cGE_BSU | ||
| 041 | _ageo | ||
| 080 | _a27-36 თ-54 | ||
| 245 |
_aႧვენი. [ტ.] 31, 1 ნოემბერი - 10 ნოემბერი (ახალი სტილით 14 ნოემბერი - 23 ნოემბერი) / _cპროექტის ავტორი და რედაქტორი თამარ მამაცაშვილი ; შემდგენელი მანანა ტუაევა ; დიზაინერი რატი თორდია. |
||
| 264 |
_aთბილისი : _b პალიტრა L, _c2017. |
||
| 300 |
_a365 გვ. ; _c22 სმ. |
||
| 490 | _aჟურნალ ”კარიბჭის” ბიბლიოთეკა | ||
| 541 | _h6 ლ. | ||
| 653 | _aთვენი. 1 ნოემბერი -10 ნოემბერი. 31 | ||
| 653 | _aრელიგია | ||
| 653 | _aგარეკანზე: წმინდა დიდმოწამე გიორგი | ||
| 653 | _aწმინდა მამათა ცხოვრება | ||
| 942 |
_cBK _2udc |
||